Statistics for Memphis Grizzlies: Top 10 All-Time Leaders

Click here to take the quiz!

General Stats

  • This quiz has been taken 23 times
  • The average score is 54 of 80

Answer Stats

Category # Player Amount % Correct
Points1Mike Conley11,733
100%
Three Pointers Made1Mike Conley1,086
100%
Assists5Pau Gasol1,473
100%
Assists7Zach Randolph1,085
100%
Steals1Mike Conley1,161
100%
Steals3Marc Gasol708
100%
Steals6Zach Randolph429
100%
Points2Marc Gasol11,684
100%
Blocks2Pau Gasol877
100%
Three Pointers Made7Marc Gasol301
100%
Assists1Mike Conley4,509
100%
Field Goal Percent1Pau Gasol50.9%
100%
Field Goal Percent4Marc Gasol48.3%
100%
Field Goal Percent7Zach Randolph47.6%
100%
Points Per Game2Pau Gasol18.8
100%
Points Per Game4Zach Randolph16.8
100%
Points Per Game7Marc Gasol15.2
100%
Points Per Game8Mike Conley14.9
100%
Assists2Marc Gasol2,639
100%
Blocks1Marc Gasol1,135
100%
Rebounds1Marc Gasol5,942
100%
Points3Zach Randolph9,261
100%
Rebounds8Mike Conley2,327
100%
Points4Pau Gasol8,966
100%
Rebounds2Zach Randolph5,612
100%
Rebounds3Pau Gasol4,096
100%
Blocks9Tony Allen217
83%
Field Goal Percent9Tony Allen47.4%
83%
Steals2Tony Allen796
83%
Blocks6Shareef Abdur-Rahim374
72%
Blocks5Rudy Gay420
72%
Three Pointers Made4Rudy Gay488
72%
Steals7Shareef Abdur-Rahim416
72%
Rebounds4Shareef Abdur-Rahim3,070
72%
Points Per Game1Shareef Abdur-Rahim20.8
72%
Steals4Rudy Gay640
72%
Rebounds5Rudy Gay2,758
72%
Points6Shareef Abdur-Rahim7,801
72%
Assists10Rudy Gay954
72%
Points Per Game3Rudy Gay17.9
72%
Assists8Shareef Abdur-Rahim1,081
72%
Points5Rudy Gay8,562
72%
Steals8Jason Williams372
67%
Assists3Jason Williams2,069
67%
Three Pointers Made3Jason Williams500
67%
Points7Mike Miller5,982
61%
Field Goal Percent6Mike Miller47.7%
61%
Three Pointers Made2Mike Miller844
61%
Rebounds10Mike Miller2,020
61%
Points Per Game10Mike Miller13.2
61%
Assists6Mike Miller1,351
61%
Steals5Shane Battier523
50%
Points Per Game6O.J. Mayo15.2
50%
Steals9O.J. Mayo333
50%
Field Goal Percent8Bryant Reeves47.5%
50%
Points8Bryant Reeves4,945
50%
Points9O.J. Mayo4,584
50%
Three Pointers Made6Shane Battier403
50%
Points10Shane Battier4,275
50%
Three Pointers Made5O.J. Mayo477
50%
Blocks4Shane Battier428
50%
Blocks7Bryant Reeves302
50%
Rebounds6Bryant Reeves2,745
50%
Three Pointers Made8Vince Carter240
44%
Points Per Game9Mike Bibby14.7
33%
Three Pointers Made10Mike Bibby200
33%
Rebounds7Lorenzen Wright2,386
33%
Assists4Mike Bibby1,675
33%
Steals10Mike Bibby317
33%
Blocks8Lorenzen Wright250
33%
Rebounds9Stromile Swift2,128
28%
Blocks3Stromile Swift607
28%
Field Goal Percent5JaMychal Green47.8%
22%
Field Goal Percent2Hakim Warrick50.0%
17%
Assists9Earl Watson986
11%
Points Per Game5Michael Dickerson16.7
11%
Three Pointers Made9Michael Dickerson217
11%
Blocks10Darko Milicic165
11%
Field Goal Percent10Tony Massenburg47.2%
6%
Field Goal Percent3Othella Harrington49.3%
6%

Score Distribution

Percentile by Number Answered

Percent of People with Each Score

Your Score History

You have not taken this quiz